000
00309nam a2200109Ia 4500
008
200302s9999 xx 000 0 und d
100
_a
Rodelphe El- Khoury & Mark Pasnik
245
_a
Cnp Headquarters by Philippe Samyn and Partners
260
_b
Princeton Architecture Press, NY
260
_c
2004
300
_a
96
999
_c
4614
_d
4614